000 00732nam a2200265Ia 4500
001 001029
008 221003s1996 xx 000 0 spa d
035 _aCENDO_2101
041 _aspa
084 _aRI-00002-00012
245 0 _a<El> plan de capacitación popular /
_cServicio Ecuatoriano de capacitación popular
260 _a[S.l. :
_bs.n.],
_c1993
300 _a7 p. ;
_c 30 cm
650 _aECUADOR
_93120
650 _aFORMACION
_9418
650 _aFORMACION PROFESIONAL
_9148
650 _aEMPLEO
_951
710 _aSERVICIO ECUATORIANO DE CAPACITACION PROFESIONAL
_93141
901 _a0
903 _aNO
953 _d1996-08-27
_yDOCUMENTO
_oRI-00002-00012
999 _c2100
_d2100
910 _a1996
942 _cDOCUMENTO